Hink Pinks #1 - Statistics

General Stats
  • This quiz has been taken 268 times
  • The average score is 9 of 15
Answer Stats
Definition Answer % Correct
Utensil an astronaut uses to eat her cereal moon spoon
83%
Margarine knife butter cutter
75%
Thief who steals something you read book crook
72%
Musical instrument on a cob corn horn
72%
Alcoholic beverage for the bones of your back spine wine
72%
Heavy snow storm created by a magician wizard blizzard
71%
Rodent's husband mouse spouse
70%
Tiny dog's drinking glass pup cup
66%
Impoverished hinged entrance poor door
65%
Fruit from the capital of Cuba Havana banana
60%
Water fowl's vehicle duck truck
55%
Light used in tents camp lamp
45%
Resume for a television TV CV
40%
Party on one of the four edges of your room wall ball
34%
Back rub for a dancing horse dressage massage
32%
No matching quizzes found
Score Distribution
Percent of People with Each Score
Percentile by Number Answered
Your Score History
You have not taken this quiz